Mathématiques collège

Salvato in:
Dettagli Bibliografici
Autore principale: Deledicq, André (Autore)
Natura: Libro
Lingua:francese
Pubblicazione: París De La Cité 1999
Serie:Manuel
Soggetti:
Tags: Aggiungi Tag
Nessun Tag, puoi essere il primo ad aggiungerne!!

MARC

LEADER 00000nam a2200000 a 4500
001 UCO3021
003 CL-VaPUC
008 000610e19990000fr |||||||||||||||||fre|d
082 0 4 |a 510.7  |b DEL  |2 21 
100 0 |a Deledicq, André  |e author  |9 446839 
245 1 0 |a Mathématiques collège 
300 |a 574 p 
942 |c BK 
945 |d 20000610 00:00:00  |a vberengu 
260 |a París  |b De La Cité  |c 1999 
650 0 |a Matemáticas  |x Enseñanza  |9 875527 
650 0 |a Geometría   |9 264063 
650 0 |a Matemática  |9 260235 
650 0 |a Números   |9 265328 
583 |a last modification  |c 20171010 10:31:16  |k Rodrigo Vera 
490 0 |a Manuel 
999 |c 289503  |d 289501 
952 |0 0  |1 0  |4 0  |6 510_700000000000000_DEL_1999  |7 0  |8 A  |9 337949  |a BIBMAT  |b BIBMAT  |c E_DIDACT  |d 2019-11-20  |i 359162K  |o 510.7 DEL 1999  |p 359162K  |r 2025-01-07  |w 2019-11-20  |y BK  |k MAT